Tortured for his faith; (Record no. 5797)

MARC details
000 -LEADER
fixed length control field 01576cam a2200265 4500
001 - CONTROL NUMBER
control field 1306321
003 - CONTROL NUMBER IDENTIFIER
control field GBCCL
005 - DATE AND TIME OF LATEST TRANSACTION
control field 20241126110550.0
008 - FIXED-LENGTH DATA ELEMENTS--GENERAL INFORMATION
fixed length control field 700414s1970 miu 000 0aeng
010 ## -
-- 77102834
040 ## - CATALOGING SOURCE
Original cataloging agency DLC
Transcribing agency DLC
Modifying agency DLC
050 00 -
-- BX8764.Z8
-- P62 1970
082 00 - DEWEY DECIMAL CLASSIFICATION NUMBER
Classification number 272.2092
-- 289.9
-- B
Item number POP
100 1# - MAIN ENTRY--PERSONAL NAME
Personal name Popoff, Haralan,
Dates associated with a name 1907-
9 (RLIN) 10501
245 10 - TITLE STATEMENT
Title Tortured for his faith;
Remainder of title an epic of Christian courage and heroism in our day,
Statement of responsibility, etc. by Haralan Popov.
260 ## - PUBLICATION, DISTRIBUTION, ETC.
Place of publication, distribution, etc. Grand Rapids,
Name of publisher, distributor, etc. Zondervan Pub. House
Date of publication, distribution, etc. [1970]
300 ## - PHYSICAL DESCRIPTION
Extent 156 p.
Dimensions 18 cm.
350 ## - PRICE (NR) (BK AM CF MU VM SE) [OBSOLETE]
Price 0.75
505 ## - FORMATTED CONTENTS NOTE
Formatted contents note Haralan Popov was a successful minister in Bulgaria when he was arrested and sentenced to 15 years imprisonment as an American spy, at a widely publicized trial in Sofia. Enduring torture and brainwashing in communist prisons and labor camps, Haralan Popov remained faithful to God. After his release, Dr. Haralan Popov founded Door of Hope International in 1972.Tortured For His Faith Has been published in more than twenty three languages. Has been No. 1 on the best-seller list (pocket books) for many years. More than one million copies sold. Has exposed the militant nature of atheistic communism for more than 30 years. Has inspired readers, strengthened their faith in God, and motivated them to a greater compassion for the Persecuted Church.
600 10 - SUBJECT ADDED ENTRY--PERSONAL NAME
Personal name Popoff, Haralan,
Dates associated with a name 1907-
9 (RLIN) 10501
650 #0 - SUBJECT ADDED ENTRY--TOPICAL TERM
Topical term or geographic name entry element Persecution
Geographic subdivision Bulgaria.
9 (RLIN) 10502
650 #0 - SUBJECT ADDED ENTRY--TOPICAL TERM
Topical term or geographic name entry element Prisoners
Geographic subdivision Bulgaria
General subdivision Biography.
9 (RLIN) 10503
906 ## - LOCAL DATA ELEMENT F, LDF (RLIN)
a 7
b cbc
c orignew
d u
e ncip
f 19
g y-gencatlg
942 ## - ADDED ENTRY ELEMENTS (KOHA)
Source of classification or shelving scheme Dewey Decimal Classification
Koha item type Books
Holdings
Withdrawn status Lost status Source of classification or shelving scheme Damaged status Not for loan Home library Current Library Shelving location Date acquired Total checkouts Full call number Barcode Date last seen Copy number Price effective from Koha item type
    Dewey Decimal Classification     GRACE BIBLE COLLEGE GRACE BIBLE COLLEGE Church History 2018-04-09   272.2092 POP 006994 2025-05-01 c.1 2018-04-09 Books
    Dewey Decimal Classification     GRACE BIBLE COLLEGE GRACE BIBLE COLLEGE Church History 2018-05-04   272.2092 POP 006995 2025-05-01 c.2 2018-05-04 Books
© Grace Bible College Library 2025